Reconstruction and affiliation of Middle Triassic seeds from India

Variety of seed plants occurred in Triassic flora of Nidpur. Epidermal structures together with other morphological features exhibited great amount of diversification among these seeds. Distinction between these seeds is based largely on features of epidermis and particularly on integument character...

Teljes leírás

Elmentve itt :
Bibliográfiai részletek
Szerző: Srivastava Shyam C.
Dokumentumtípus: Cikk
Megjelent: 1999
Sorozat:Plant cell biology and development 10
Kulcsszavak:Paleobotanika - Triász-kor, Palinológia - Triász-kor
Tárgyszavak:
Online Access:http://acta.bibl.u-szeged.hu/47852
LEADER 01169nab a2200217 i 4500
001 acta47852
005 20260120083918.0
008 170710s1999 hu o 000 eng d
022 |a 0866-5443 
040 |a SZTE Egyetemi Kiadványok Repozitórium  |b hun 
041 |a eng 
100 1 |a Srivastava Shyam C. 
245 1 0 |a Reconstruction and affiliation of Middle Triassic seeds from India  |h [elektronikus dokumentum] /  |c  Srivastava Shyam C. 
260 |c 1999 
300 |a 8-13 
490 0 |a Plant cell biology and development  |v 10 
520 3 |a Variety of seed plants occurred in Triassic flora of Nidpur. Epidermal structures together with other morphological features exhibited great amount of diversification among these seeds. Distinction between these seeds is based largely on features of epidermis and particularly on integument characters. Such a restored seed provide meaningful data which increasingly clear the structural identity. 
650 4 |a Természettudományok 
650 4 |a Biológiai tudományok 
695 |a Paleobotanika - Triász-kor, Palinológia - Triász-kor 
856 4 0 |u http://acta.bibl.u-szeged.hu/47852/1/plant_cell_010_008-013.pdf  |z Dokumentum-elérés